|
|
|
|
| LEADER |
01417nam a22003137a 4500 |
| 001 |
31274 |
| 003 |
BD-DhAAL |
| 005 |
20241205140349.0 |
| 008 |
171129t2016 bg a|||| |||| 00| 0 eng d |
| 020 |
|
|
|a 9789843400901
|
| 040 |
|
|
|a BD-DhAAL
|
| 082 |
|
|
|2 21
|a 362.1095492
|
| 245 |
|
|
|a BRAC healthcare innovations programme :
|b project operational document /
|c Malabika Sarker ... [et..al].
|
| 260 |
|
|
|a Dhaka :
|b Centre of Excellence for Universal Health Coverage & James P Grant School of Public Health (JPGSPH), BRAC University,
|c 2016.
|
| 300 |
|
|
|a 155 pages :
|b illustrations ;
|c 24 cm.
|
| 490 |
|
|
|a Working paper series no. 4
|
| 526 |
|
|
|a AAL
|
| 541 |
|
|
|a Complimentary copy from BRAC
|e 31274
|
| 650 |
|
|
|a Public health
|z Bangladesh.
|9 24060
|
| 700 |
|
|
|a Sarker, Malabika.
|9 24061
|
| 700 |
|
|
|a Adib, Hossain Ishrath.
|9 24062
|
| 700 |
|
|
|a Rasul, Fatema.
|9 24063
|
| 700 |
|
|
|a Evans, Timothy G.
|9 24064
|
| 710 |
|
|
|a Centre of Excellence for Universal Health Coverage, icddr,b
|9 24065
|
| 710 |
|
|
|a James P Grant School of Public Health (JPGSPH), BRAC University,
|9 24066
|
| 852 |
|
|
|a Ayesha Abed Library
|c General Stacks
|
| 942 |
|
|
|2 ddc
|c BK
|
| 999 |
|
|
|c 38668
|d 38668
|
| 952 |
|
|
|0 0
|1 0
|2 ddc
|4 0
|6 362_109549200000000_BRA
|7 1
|9 62040
|a BRACUL
|b BRACUL
|c BRS
|d 2017-11-29
|e Complimentary copy from BRAC
|l 0
|o 362.1095492 BRA
|p 3010031274
|r 2017-11-29
|t 1
|w 2017-11-29
|y BK
|x Complimentary copy from BRAC; Price not available in register.
|